Normal view
MARC view
- Roark, John J.
Entry Personal Name
001 - CONTROL NUMBER
- control field: 21473
003 - CONTROL NUMBER IDENTIFIER
- control field: NUST
005 - DATE AND TIME OF LATEST TRANSACTION
- control field: 20190926105034.0
008 - FIXED-LENGTH DATA ELEMENTS
- fixed length control field: 190926|| aca||aabn | a|a d
040 ## - CATALOGING SOURCE
- Original cataloging agency: NUST
- Transcribing agency: NUST
100 ## - HEADING--PERSONAL NAME
- Personal name: Roark, John J.
670 ## - SOURCE DATA FOUND
- Source citation: Work cat.: (NUST)0: Roark, John J., Experiences in transportation system management /, 1981.
